000 01137 a2200241 4500
020 _a0201422891
020 _a9780201422894
082 0 4 _a658
090 _c2434
_d2434
100 1 _aJacobson, I.
245 1 4 _aThe object advantage :
_bbusiness process reengineering with object technology /
_cI. Jacobson.
260 _a[S.l.] :
_bAddison-Wesley Professional,
_c1994.
300 _a368 p. ;
_c25 cm.
490 1 _aAcm press.
500 _aHardcover.
520 _aFrom the author of the bestselling Object-Oriented Software Engineering, this is the first book to combine object-oriented technology and business process engineering. Jacobson demonstrates how object technology can be used in the BPR model, how the requirements of a new software system can be captured as a result of business engineering, and much more.
700 1 _aEricsson, M.
700 1 _aJacobson, A.
830 0 _aAcm press.
856 4 0 _3Amazon.com
_uhttp://www.amazon.com/exec/obidos/ASIN/0201422891/chopaconline-20
856 4 0 _3Amazon customer reviews
_uhttp://www.chopac.org/cgi-bin/tools/azrev.pl?q=0201422891
942 _aNBS
_cBK
_k658.4063 JAC
999 _c344931
_d344931